01055 a2200205 45000010006000000050017000060080041000230030015000640400040000790800125001192450050002440200022002942640029003163000019003455050403003640410008007671000023007757000025007987000026008236397120260521160827.0260521a1991 arg spa dAR-UNSa-BCEJYS aAR-UNSa-BCEJYSbspacAR-UNSa-BCEJYS a658.012.2xPlanificación. Programas. Planes. Medidas de apoyo a la planificación( Administración estratégica...)10aGuía para controlar el futuro de la empresa a978-968-18-2055-8 1aMéxico :bLimusac1991 a157 p.c23 cm. a1. Antecedentes – 2. Organización del esfuerzo de planificación – 3. Formulación de la problemática – 4. Planificación de fines – 5. Planificación de medios – 6. Planificación de recursos – 7. Puesta en práctica y control – 8. Escenario de referencia – 9. Propuesta de misiones – 10. Especificación de características deseadas – 11. Diseños idealizados – aspa1 aAckoff, Ruseell L.1 aVergara Finnel, Elsa1 aGharajedaghi, Jamshid